Statistiken für Bundespräsidenten

Klicken Sie hier um das Quiz zu spielen!

Allgemein

  • Dieses Quiz wurde 1.439 mal gespielt
  • Das Durchschnittsergebnis liegt bei 7 aus 11

Antwortstatistiken

DauerParteiName% Korrekt
seit 2012parteilosJoachim Gauck
88%
2010-2012CDUChristian Wulff
83%
1999-2004SPDJohannes Rau
78%
2004-2010CDUHorst Köhler
74%
1984-1994CDURichard von Weizsäcker
68%
1949-1959FDPTheodor Heuss
66%
1974-1979FDPWalter Scheel
65%
1994-1999CDURoman Herzog
64%
1969-1974SPDGustav Heinemann
51%
1959-1969CDUHeinrich Lübke
51%
1979-1984CDUKarl Carstens
49%

Verteilung der Resultate

Perzentil nach korrekt beantworteten Fragen

Anzahl Personen mit jedem Resultat

Ihre Resultats-Entwicklung

Sie haben dieses Quiz noch nicht gespielt